| 000 | 00381nam a22001577a 4500 | ||
|---|---|---|---|
| 005 | 20241112104453.0 | ||
| 008 | 241112b |||||||| |||| 00| 0 eng d | ||
| 020 | _a9780273655367 | ||
| 050 |
_aQ 295 _bYEA |
||
| 100 | _aDONALD YATES | ||
| 245 | _aSYSTEMS ANALYSIS AND DESIGN | ||
| 300 | _aXIII, 499p | ||
| 500 | _aINCLUDES INDEX | ||
| 700 | _aTONY WAKEFIELD | ||
| 942 |
_2lcc _cBK _n0 |
||
| 999 |
_c1057 _d1057 |
||